000 00615nam a2200241Ia 4500
003 OSt
005 20220918210821.0
006 a|||||r|||| 00| 0
007 ta
008 220917b |||||||| |||| 00| 0 eng d
024 _a122,167
037 _cTextual
040 _aARTS
_cARTS
_beng
041 _2eng
_aeng
082 _aV8:2:N5, K4
100 _aMiller J D B
245 0 _aAustralian goverment and politics
_b An introductory survey
250 _a3rd
260 _aNA
_bNA
_c1964
650 _aHISTORY
942 _hV8:2:N5, K4
_cTEXL
_2CC
999 _c245359
_d245359